000 00756nam a2200205Ia 4500
005 20241129111241.0
008 241129s9999||||xx |||||||||||||| ||und||
037 _aTB
040 _aCRL
_bpun
_cCRL
041 _apun
_2pun
084 _aY73(P153):351 153P9
_qCRL
100 _aਕੌਰ, ਰਾਜਵੰਤ, ਚ।
245 0 _aਸਿਹਰਾ ਅਤੇ ਸਿੱਖਿਆ: ਸੰਕਲਨ ਤੇ ਮੁਲਾਂਕਣ
_cਕੌਰ, ਰਾਜਵੰਤ, ਚ।
260 _aਚੰਡੀਗੜ੍ਹ, ਭਾਰਤ
_bਚੰਡੀਗੜ੍ਹ ਲੋਕਗੀਤ ਪ੍ਰਕਾਸ਼ਨ
_c2009
300 _a301ਪ੍ਰ0
365 _aINR
_b300
650 _aSociology
942 _cTB
_hY73(P153):351 153P9
999 _c1229582
_d1229582